00283nam a2200097Ia 4500008004100000100002200041245005400063260004200117260000900159999001700168170620s9999 xx 000 0 und d aReddy- N. Srihari 0aProblems of Teaching Secondary School Mathematics bNew Delhi- Discovery Publishing House c2006 c24694d24694